Statistics for Biggest Cities in the European Union by Letter - I

Click here to take the quiz!

General Stats

  • This quiz has been taken 121 times
  • The average score is 5 of 20

Answer Stats

RankPopulationCountryHintCity% Correct
4132,000Austria1964 and 1976 Winter OlympicsInnsbruck
94%
1447,000United KingdomKnown as the capital of the Scottish HighlandsInverness
75%
2147,000United KingdomSuffolk CountyIpswich
66%
1290,000Romania"The Moldavian Capital"Iași
43%
970,000ItalySan Marino Grand Prix, Ayrton SennaImola
39%
3132,000GermanyAudi, Media MarktIngolstadt
38%
1161,000SpainBasque city very close to FranceIrún
19%
785,000GreeceBiggest city in north-western GreeceIoánnina
19%
1543,000FranceÉtang de Berre, near MarseilleIstres
15%
594,000GermanyIce hockey team "Roosters"Iserlohn
14%
1067,000FranceParis suburb on the left bank of the SeineIssy-les-Moulineaux
13%
686,000BelgiumDutch: ElseneIxelles
13%
1260,000FranceQuartier AsiatiqueIvry-sur-Seine
13%
1642,000ItalyCultivation of flowers and olives, Italian rivieraImperia
10%
1934,000NetherlandsHollandse IJsselIJsselstein
9%
2033,000United KingdomNicola SturgeonIrvine
9%
874,000PolandSaltwater baths and salt minesInowrocław
6%
1351,000Germany2015 train collisionIbbenbüren
3%
1740,000United KingdomRiver Erewash, The American AdventureIlkeston
3%
1839,000SpainEuropean Balloon FestivalIgualada
2%

Score Distribution

Percentile by Number Answered

Percent of People with Each Score

Your Score History

You have not taken this quiz